LEADER 01042cam0 2200301 450 001 E600200035323 005 20210909074506.0 010 $a88-207-3592-X 100 $a20080307d2004 |||||ita|0103 ba 101 $aita 102 $aIT 200 1 $a<>Galateo dei ragazzi$fErasmo da Rotterdam$ga cura di Lucia Gualdo Rosa 210 $aNapoli$cLiguori$d2004 215 $a78 p.$d24 cm 225 2 $aBiblioteca$hNuovo Medioevo$v68 300 $aTrad. italiana a fronte 410 1$1001LAEC00019510$12001 $a*Biblioteca. Nuovo Medioevo$v68 700 0$aErasmus Roterodamus$3A600200031892$4070$0437067 702 1$aGualdo_Rosa, Lucia$3AF00012315$4070 801 0$aIT$bUNISOB$c20210909$gRICA 850 $aUNISOB 852 $aUNISOB$j900|Coll|59|K$m137649 912 $aE600200035323 940 $aM 102 Monografia moderna SBN 941 $aM 957 $a900|Coll|59|K$b000044$gSi$d137649$racquisto$1catenacci$2UNISOB$3UNISOB$420080307150657.0$520210909074506.0$6rovito 996 $aGalateo dei ragazzi$91069930 997 $aUNISOB